| Tag |
First Indicator |
Second Indicator |
Subfields |
| LEADER |
00000cam a2200000Ii 4500 |
| 001 |
in00004071663 |
| 005 |
20191021075826.0 |
| 008 |
190327t20192019orua b 000 0 eng d |
| 010 |
|
|
|a 2018275733
|
| 020 |
|
|
|a 9781532631023
|q (paperback)
|
| 020 |
|
|
|a 1532631022
|q (paperback)
|
| 035 |
|
|
|a (OCoLC)on1090728157
|
| 040 |
|
|
|a TXS
|e rda
|c TXS
|d YDX
|d PTS
|d UtOrBLW
|
| 049 |
|
|
|a TXAM
|
| 050 |
|
4 |
|a BR481
|b .E53 2019
|
| 082 |
0 |
|
|a 270.8/3
|2 23
|
| 245 |
0 |
4 |
|a The emerging Christian minority /
|c edited by Victor Lee Austin & Joel C. Daniels.
|
| 264 |
|
1 |
|a Eugene, Oregon :
|b Cascade Books,
|c [2019]
|
| 264 |
|
4 |
|c ©2019
|
| 300 |
|
|
|a x, 120 pages :
|b illustrations ;
|c 23 cm.
|
| 336 |
|
|
|a text
|b txt
|2 rdacontent
|
| 337 |
|
|
|a unmediated
|b n
|2 rdamedia
|
| 338 |
|
|
|a volume
|b nc
|2 rdacarrier
|
| 490 |
1 |
|
|a Pro ecclesia series ;
|v 8
|
| 504 |
|
|
|a Includes bibliographical references.
|
| 505 |
0 |
|
|t Is it good to be persecuted ? /
|r William T. Cavanaugh --
|t St. Augustine on the church as sacrifice, then and now /
|r Paige E. Hochschild --
|t To be a minority /
|r David Novak --
|t A tree planted by streams of water: scriptural lessons on hope /
|r Kathryn Schifferdecker --
|t Professing the faith in "a secular age" /
|r Joseph D. Small --
|t Orthodoxy in America: a minority that came of age /
|r Anton C. Vrame.
|
| 650 |
|
0 |
|a Secularization (Theology)
|0 http://id.loc.gov/authorities/subjects/sh85119462
|
| 650 |
|
0 |
|a Christianity
|y 21st century.
|0 http://id.loc.gov/authorities/subjects/sh2006002201
|
| 650 |
|
0 |
|a Christianity and other religions.
|0 http://id.loc.gov/authorities/subjects/sh85025250
|
| 650 |
|
0 |
|a Civilization, Western.
|0 http://id.loc.gov/authorities/subjects/sh85026485
|
| 700 |
1 |
|
|a Austin, Victor Lee,
|e editor.
|0 http://id.loc.gov/authorities/names/n2001091299
|
| 700 |
1 |
|
|a Daniels, Joel C.,
|d 1978-
|e editor.
|0 http://id.loc.gov/authorities/names/n2016002051
|
| 700 |
1 |
|
|a Cavanaugh, William T.,
|d 1962-
|e author.
|0 http://id.loc.gov/authorities/names/n2010066319
|
| 700 |
1 |
|
|a Hochschild, Paige E.,
|e author.
|0 http://id.loc.gov/authorities/names/no2012125878
|
| 700 |
1 |
|
|a Novak, David,
|d 1941-
|e author.
|0 http://id.loc.gov/authorities/names/n83154735
|
| 700 |
1 |
|
|a Schifferdecker, Kathryn,
|d 1968-
|e author.
|0 http://id.loc.gov/authorities/names/n2007090091
|
| 700 |
1 |
|
|a Small, Joseph D.,
|e author.
|0 http://id.loc.gov/authorities/names/n97048777
|
| 700 |
1 |
|
|a Vrame, Anton C.,
|e author.
|0 http://id.loc.gov/authorities/names/n97087000
|
| 830 |
|
0 |
|a Pro ecclesia series ;
|v 8.
|0 http://id.loc.gov/authorities/names/no2013137743
|
| 945 |
|
|
|b 101603
|
| 947 |
|
|
|a A14850823015
|
| 948 |
|
|
|a cataloged
|b h
|c 2019/7/24
|d c
|e dmitchel
|f 8:44:16 am
|
| 994 |
|
|
|a 92
|b TXA
|
| 999 |
f |
f |
|s 7cf65196-3de8-34c0-ae36-63d621639b68
|i 3b04e766-b8fe-330e-ac68-5613bb1484a2
|t 0
|
| 952 |
f |
f |
|p normal
|a Texas A&M University
|b College Station
|c Sterling C. Evans Library
|d Evans: Library Stacks
|t 0
|e BR481 .E53 2019
|h Library of Congress classification
|i unmediated -- volume
|m A14850823015
|
| 998 |
f |
f |
|a BR481 .E53 2019
|t 0
|l Evans: Library Stacks
|